000 00696nam a2200277Ia 4500
005 20260324131606.0
008 008 260324s9999 xx 000 0 eng d
020 _a9781315276038
037 _aEBOOK
040 _aCRL
040 _beng
040 _cCRL
041 _2eng
041 _aeng
084 _qCRL
100 _aAlfred Gray; Elsa Abbena; Simon Salamon
_91186088
245 0 _aModern Differential Geometry of Curves and Surfaces with Mathematica
260 _bTaylor and Francis
260 _c2006
365 _a
365 _b305
856 _uhttp://www.taylorfrancis.com/books/9781315276038
942 _cEBOOK
999 _c1783402
_d1783402